000 00496nam a2200181Ia 4500
008 240729s9999 xx 000 0 und d
022 _a2078-2489
245 0 _aInformation
260 _aSwitzerland
260 _bMDPI AG
650 _a Industrial engineering. Management engineering
650 _a Information technology
650 _a Technology (General)
650 _aTechnology
856 _uhttps://doaj.org/toc/9f572166e60f402390e1061568cab60d
942 _2ddc
942 _cDOAJEJ
999 _c74038
_d74038
945 _a1
_bMadushi Gamage
_c1
_dMadushi Gamage